[Event "SRB Central-ch op-A 4th"]
[Site "Paracin"]
[Date "2011.07.13"]
[Round "7"]
[White "Perunovic, Ljubivoje"]
[Black "Savic, Dragan"]
[Result "0-1"]
[WhiteElo "2006"]
[BlackElo "2160"]
[PlyCount "128"]
[EventDate "2011.07.08"]
[EventType "swiss"]
[EventRounds "9"]
[EventCountry "SRB"]
[SourceTitle "CBM 143 Extra"]
[Source "ChessBase"]
[SourceDate "2011.08.29"]
[SourceVersion "1"]
[SourceVersionDate "2011.08.29"]
[SourceQuality "1"]

1. d4 Nf6 2. Nf3 e6 3. Bf4 d5 4. e3 Nbd7 5. Bd3 Be7 6. 0-0 Nh5 7. Bg3 Nxg3 8. hxg3 Bf6 9. Nbd2 c5 10. c3 Qb6 11. Qb1 g6 12. dxc5 Nxc5 13. Bc2 0-0 14. e4 a5 15. e5 Bg7 16. a4 Nd7 17. Re1 Qc7 18. Bb3 Nxe5 19. Nxe5 Bxe5 20. Nf3 Bxg3 21. fxg3 Qb6+ 22. Nd4 Qd6 23. Kh2 Bd7 24. Nf3 f6 25. Qd3 Kg7 26. c4 Bc6 27. cxd5 exd5 28. Rad1 Rad8 29. Nd4 Rfe8 30. Rxe8 Rxe8 31. Nb5 Qe5 32. Bxd5 Rd8 33. Nc3 Bxd5 34. Nxd5 Qxb2 35. Qb5 Qxb5 36. axb5 Kf7 37. Kg1 a4 38. Nc3 Rxd1+ 39. Nxd1 a3 40. Nc3 Ke6 41. Kf2 Ke5 42. Ke3 h5 43. Kd3 Kf5 44. Kc2 Kg4 45. Ne2 g5 46. Kb3 f5 47. Kxa3 f4 48. gxf4 gxf4 49. b6 f3 50. gxf3+ Kxf3 51. Nd4+ Ke4 52. Ne6 h4 53. Kb4 Kf5 54. Nd4+ Kg4 55. Nf3 Kxf3 56. Kc5 h3 57. Kd6 h2 58. Kc7 h1Q 59. Kxb7 Qh7+ 60. Kb8 Qg8+ 61. Ka7 Qa2+ 62. Kb8 Ke4 63. b7 Kd5 64. Kc7 Qa7 0-1

[Event "SRB Central-ch op-A 4th"]
[Site "Paracin"]
[Date "2011.07.09"]
[Round "3"]
[White "Perunovic, Ljubivoje"]
[Black "Milovanovic, Srboljub"]
[Result "0-1"]
[WhiteElo "2006"]
[BlackElo "2196"]
[PlyCount "150"]
[EventDate "2011.07.08"]
[EventType "swiss"]
[EventRounds "9"]
[EventCountry "SRB"]
[SourceTitle "CBM 143 Extra"]
[Source "ChessBase"]
[SourceDate "2011.08.29"]
[SourceVersion "1"]
[SourceVersionDate "2011.08.29"]
[SourceQuality "1"]

1. d4 Nf6 2. Nf3 d5 3. Bf4 e6 4. e3 c5 5. c3 Nc6 6. Nbd2 Be7 7. Bd3 Nh5 8. Bg3 h6 9. Ne5 Nxg3 10. hxg3 cxd4 11. exd4 Nxe5 12. dxe5 Bd7 13. Qg4 Bf8 14. 0-0 Qb6 15. Rab1 Bb5 16. Bxb5+ Qxb5 17. Rfc1 g6 18. Nf3 h5 19. Qh4 Bh6 20. Rd1 Rc8 21. Nd4 Qd7 22. Rd3 Bg7 23. Re1 a6 24. Nf3 Qb5 25. Rd2 Qc4 26. a3 Qxh4 27. gxh4 Ke7 28. Rd4 Rc4 29. Red1 Rhc8 30. Kf1 Rxd4 31. Rxd4 Rc4 32. Ke2 Rxd4 33. cxd4 Bh6 34. Kd3 Kd7 35. Kc3 Kc6 36. g3 Kb5 37. Ne1 Ka4 38. f4 Bf8 39. Nc2 Be7 40. b3+ Kb5 41. Kb2 Bd8 42. Kc3 Be7 43. Kb2 Ka5 44. Ne3 Bd8 45. Kc3 Kb5 46. Nc2 Bb6 47. Ne3 Ba5+ 48. b4 Bb6 49. Nc2 Ka4 50. Kb2 a5 51. Kc3 Bc7 52. Kb2 Bd8 53. Ka2 axb4 54. Nxb4 Ba5 55. Nd3 Bb6 56. Nb2+ Ka5 57. Kb3 Bxd4 58. Nd3 b5 59. Nb4 Bf2 60. Nc6+ Kb6 61. Nd8 Bxg3 62. Nxf7 Bxf4 63. Nh8 Bxe5 64. Nxg6 Bg3 65. Kc3 e5 66. Ne7 Kc5 67. Nf5 Be1+ 68. Kd3 e4+ 69. Ke2 Bc3 70. Ng3 Bf6 71. Nxh5 Bxh4 72. Kd2 d4 73. Ng7 Kc4 74. Ne6 e3+ 75. Kd1 Bf6 0-1

[Event "SRB-Cup"]
[Site "Valjevo"]
[Date "2011.05.20"]
[Round "5.4"]
[White "Nenezic, Marko"]
[Black "Perunovic, Ljubivoje"]
[Result "1-0"]
[WhiteElo "2230"]
[BlackElo "2026"]
[PlyCount "83"]
[EventDate "2011.05.16"]
[EventType "team-swiss"]
[EventRounds "7"]
[EventCountry "YUG"]
[SourceTitle "CBM 142 Extra"]
[Source "ChessBase"]
[SourceDate "2011.06.27"]
[SourceVersion "1"]
[SourceVersionDate "2011.06.27"]
[SourceQuality "1"]
[WhiteTeam "Belgrade Itaka"]
[BlackTeam "Nis"]
[WhiteTeamCountry "SRB"]
[BlackTeamCountry "SRB"]

1. Nf3 d5 2. d4 c6 3. c4 e6 4. Qc2 f5 5. Bf4 Nf6 6. Nc3 Bd6 7. Bxd6 Qxd6 8. e3 0-0 9. Bd3 Ne4 10. 0-0 Nd7 11. Nd2 b6 12. f3 Nxd2 13. Qxd2 Bb7 14. Rfd1 Kh8 15. Rac1 dxc4 16. Bxc4 e5 17. dxe5 Qxd2 18. Rxd2 Nxe5 19. Be2 c5 20. f4 Ng6 21. Rcd1 Rfe8 22. Kf2 Nf8 23. Nb5 Re7 24. Rd8 Re8 25. Rxe8 Rxe8 26. Nd6 Rb8 27. Nxf5 g6 28. Nd6 Bc6 29. Nf7+ Kg7 30. Ne5 Be4 31. Bf3 Bxf3 32. Kxf3 Rb7 33. Rd6 b5 34. Ke4 c4 35. Kd4 Rc7 36. g4 b4 37. Rc6 Rxc6 38. Nxc6 c3 39. bxc3 bxc3 40. Kxc3 a6 41. Nb8 a5 42. Nc6 1-0

[Event "SRB-Cup"]
[Site "Valjevo"]
[Date "2011.05.17"]
[Round "2.4"]
[White "Pezelj, Sinisa"]
[Black "Perunovic, Ljubivoje"]
[Result "1-0"]
[WhiteElo "2097"]
[BlackElo "2026"]
[PlyCount "71"]
[EventDate "2011.05.16"]
[EventType "team-swiss"]
[EventRounds "7"]
[EventCountry "YUG"]
[SourceTitle "CBM 142 Extra"]
[Source "ChessBase"]
[SourceDate "2011.06.27"]
[SourceVersion "1"]
[SourceVersionDate "2011.06.27"]
[SourceQuality "1"]
[WhiteTeam "Ivan Kurjacki"]
[BlackTeam "Nis"]
[WhiteTeamCountry "SRB"]
[BlackTeamCountry "SRB"]

1. e4 Nf6 2. e5 Ng8 3. d4 d5 4. exd6 cxd6 5. Nf3 Bg4 6. Bb5+ Nd7 7. 0-0 Ngf6 8. h3 Bh5 9. Re1 a6 10. Ba4 b5 11. Bb3 d5 12. g4 Bg6 13. g5 Nh5 14. Bxd5 Rb8 15. Bc6 Qc7 16. Ne5 Rd8 17. Qg4 e6 18. d5 Bd6 19. Bxd7+ Rxd7 20. Nxd7 Qxd7 21. dxe6 fxe6 22. Qxe6+ Qxe6 23. Rxe6+ Kd7 24. Re2 Rc8 25. Nc3 Rc4 26. Be3 Bf5 27. Kg2 b4 28. Na4 Kc6 29. Rd2 Be5 30. f3 Rh4 31. Rh1 Rc4 32. Nb6 Rh4 33. Rd5 Bc7 34. Rxf5 Bxb6 35. Bxb6 Kxb6 36. Re1 1-0

[Event "SRB-Cup"]
[Site "Valjevo"]
[Date "2011.05.16"]
[Round "1.4"]
[White "Perunovic, Ljubivoje"]
[Black "Roljevic, Djordje"]
[Result "0-1"]
[WhiteElo "2026"]
[BlackElo "2035"]
[PlyCount "104"]
[EventDate "2011.05.16"]
[EventType "team-swiss"]
[EventRounds "7"]
[EventCountry "YUG"]
[SourceTitle "CBM 142 Extra"]
[Source "ChessBase"]
[SourceDate "2011.06.27"]
[SourceVersion "1"]
[SourceVersionDate "2011.06.27"]
[SourceQuality "1"]
[WhiteTeam "Nis"]
[BlackTeam "Cacak Borac"]
[WhiteTeamCountry "SRB"]
[BlackTeamCountry "SRB"]

1. d4 d5 2. Bf4 Bf5 3. e3 e6 4. Nf3 Bd6 5. Bg3 Nf6 6. c4 Bxb1 7. Rxb1 Bb4+ 8. Ke2 Bd6 9. c5 Bxg3 10. hxg3 0-0 11. Ke1 b6 12. b4 a5 13. a3 axb4 14. axb4 bxc5 15. bxc5 Nc6 16. Bd3 h6 17. Rh4 Rb8 18. Qa4 Rxb1+ 19. Bxb1 Qb8 20. Bd3 Qb4+ 21. Qxb4 Nxb4 22. Bb1 Ra8 23. Ke2 Ra1 24. Nd2 Kf8 25. f3 Ke7 26. g4 Nd7 27. Rh1 Nb8 28. Rc1 Ra3 29. f4 N8c6 30. Nf3 f6 31. Kd2 Na5 32. Ke2 Nc4 33. Kf2 Nxe3 34. Kg3 Nc6 35. g5 hxg5 36. fxg5 Nxd4 37. gxf6+ gxf6 38. Rh1 Ndf5+ 39. Kf2 Rc3 40. Rh7+ Kd8 41. Bxf5 Nxf5 42. g4 Rc2+ 43. Ke1 Rc3 44. gxf5 Rxf3 45. fxe6 Re3+ 46. Kd2 Rxe6 47. Kd3 Re7 48. Rh6 Rf7 49. Kd4 c6 50. Rh1 Re7 51. Ra1 Re4+ 52. Kd3 Rc4 0-1

[Event "Belgrade Trophy 23rd"]
[Site "Obrenovac"]
[Date "2010.11.30"]
[Round "7"]
[White "Perunovic, Ljubivoje"]
[Black "Ingason, Sigurdur"]
[Result "0-1"]
[WhiteElo "2047"]
[BlackElo "1887"]
[PlyCount "46"]
[EventDate "2010.11.24"]
[EventType "swiss"]
[EventRounds "9"]
[EventCountry "YUG"]
[SourceTitle "CBM 139 Extra"]
[Source "ChessBase"]
[SourceDate "2011.01.05"]
[SourceVersion "1"]
[SourceVersionDate "2011.01.05"]
[SourceQuality "1"]

1. d4 d5 2. Bf4 Nf6 3. e3 c5 4. c3 Qb6 5. Qb3 c4 6. Qc2 Nc6 7. Nf3 Bf5 8. Qxf5 Qxb2 9. Be2 e6 10. Qh3 Qxa1 11. 0-0 Qxa2 12. Nfd2 Qc2 13. f3 a5 14. e4 a4 15. exd5 Nxd5 16. Be5 Nxe5 17. dxe5 Bc5+ 18. Kh1 b5 19. f4 Ne3 20. Qf3 0-0 21. Ne4 Nxf1 22. Nxc5 Qxb1 23. Bxf1 a3 0-1

[Event "Belgrade Trophy 23rd"]
[Site "Obrenovac"]
[Date "2010.11.28"]
[Round "5"]
[White "Ostojic, Slobodan"]
[Black "Perunovic, Ljubivoje"]
[Result "0-1"]
[WhiteElo "1908"]
[BlackElo "2047"]
[PlyCount "70"]
[EventDate "2010.11.24"]
[EventType "swiss"]
[EventRounds "9"]
[EventCountry "YUG"]
[SourceTitle "CBM 139 Extra"]
[Source "ChessBase"]
[SourceDate "2011.01.05"]
[SourceVersion "1"]
[SourceVersionDate "2011.01.05"]
[SourceQuality "1"]

1. c4 g6 2. Nc3 Bg7 3. g3 c5 4. Bg2 Nc6 5. e4 d6 6. Nge2 Nf6 7. 0-0 0-0 8. d3 Rb8 9. h3 a6 10. a4 Ne8 11. Be3 Nc7 12. Qd2 b5 13. axb5 axb5 14. cxb5 Nxb5 15. Rfb1 Nbd4 16. Bxd4 Nxd4 17. Nxd4 Bxd4 18. Ne2 Bg7 19. Ra3 Rb4 20. Nc3 Be6 21. Kh2 Qb6 22. f4 Rb8 23. f5 Bb3 24. fxg6 hxg6 25. Qe2 Be5 26. h4 Kg7 27. Bh3 Be6 28. Bxe6 fxe6 29. Na4 Qb5 30. Qg4 Bf6 31. Qxe6 Rxa4 32. Rxa4 Qxa4 33. Rf1 Rxb2+ 34. Kh3 Qd4 35. h5 Qe5 0-1

[Event "Belgrade Trophy 23rd"]
[Site "Obrenovac"]
[Date "2010.11.27"]
[Round "4"]
[White "Perunovic, Ljubivoje"]
[Black "Hrzic, Ivan"]
[Result "0-1"]
[WhiteElo "2047"]
[BlackElo "2273"]
[PlyCount "72"]
[EventDate "2010.11.24"]
[EventType "swiss"]
[EventRounds "9"]
[EventCountry "YUG"]
[SourceTitle "CBM 139 Extra"]
[Source "ChessBase"]
[SourceDate "2011.01.05"]
[SourceVersion "1"]
[SourceVersionDate "2011.01.05"]
[SourceQuality "1"]

1. d4 d5 2. Bf4 Nc6 3. e3 Nf6 4. Nf3 Bg4 5. Be2 e6 6. 0-0 Bd6 7. Bg3 Ne4 8. c4 Bxg3 9. hxg3 f5 10. Nc3 0-0 11. Ne5 Bxe2 12. Qxe2 Nxe5 13. dxe5 c6 14. Nxe4 fxe4 15. Qg4 Rf5 16. f4 exf3 17. gxf3 Rxe5 18. Qd4 Qd6 19. Kf2 c5 20. Qd3 Rh5 21. Rh1 Qe5 22. Rxh5 Qxh5 23. Kg2 Qe5 24. Rd1 Rd8 25. b3 g6 26. f4 Qf6 27. e4 d4 28. e5 Qf5 29. Kf3 Qh3 30. Rd2 g5 31. Ke2 Rf8 32. Qf3 Rf7 33. Rd3 gxf4 34. gxf4 Qh2+ 35. Kd1 Rg7 36. Kc1 Qxa2 0-1